[Event "31st open TETEVEN"]
[Site "Teteven"]
[Date "2016.08.15"]
[Round "3.9"]
[White "Bakker, Martijn"]
[Black "Mahlev, Atanas"]
[Result "1/2-1/2"]
[WhiteElo "2099"]
[BlackElo "1744"]
[PlyCount "114"]
[EventDate "2016.08.13"]
[EventType "swiss"]
[EventRounds "9"]
[EventCountry "BUL"]

1. f4 d5 2. Nf3 Nf6 3. e3 g6 4. Be2 Bg7 5. d3 b6 6. O-O O-O 7. Qe1 Bb7 8. Qh4
Nbd7 9. Nc3 Re8 10. g4 Nf8 11. Nd1 N6d7 12. d4 e6 13. Qh3 c5 14. c3 a5 15. Nf2
Ba6 16. Bxa6 Rxa6 17. g5 f6 18. gxf6 Qxf6 19. Ne5 Nxe5 20. fxe5 Qf5 21. Ng4 Qd3
22. Qf3 Ra7 23. Qg2 Rf7 24. Bd2 Ree7 25. Rad1 Rxf1+ 26. Rxf1 Rf7 27. Rxf7 Kxf7
28. Qf2+ Kg8 29. Qe1 h5 30. Nf2 Qc2 31. Qc1 Qf5 32. Qe1 Qf3 33. Qd1 Qxd1+ 34.
Nxd1 Bh6 35. Be1 g5 36. Kf1 Kf7 37. Ke2 Kg6 38. Nf2 c4 39. e4 g4 40. Bd2 Bxd2
41. Kxd2 Kg5 42. exd5 exd5 43. Ke3 Ne6 44. Nd1 h4 45. Kf2 Kf4 46. Ne3 g3+ 47.
hxg3+ hxg3+ 48. Ke2 Ke4 49. Ng2 b5 50. a3 b4 51. axb4 axb4 52. Ne1 Nf4+ 53. Kf1
b3 54. Ng2 Ne6 55. Ke2 Ng5 56. Ne3 Ne6 57. Ng2 Ng5 1/2-1/2

[Event "31st open TETEVEN"]
[Site "Teteven"]
[Date "2016.08.15"]
[Round "3.10"]
[White "Lakinska, Simona"]
[Black "Janakiev, Ivan"]
[Result "0-1"]
[WhiteElo "1717"]
[BlackElo "2077"]
[PlyCount "84"]
[EventDate "2016.08.13"]
[EventType "swiss"]
[EventRounds "9"]
[EventCountry "BUL"]

1. c4 Nf6 2. Nc3 d5 3. cxd5 Nxd5 4. g3 Nxc3 5. bxc3 g6 6. Bg2 Bg7 7. Rb1 c6 8.
Nf3 O-O 9. h4 h6 10. Qc2 e5 11. d3 Re8 12. Be3 Qe7 13. O-O Nd7 14. Qc1 Kh7 15.
Re1 Nf6 16. d4 e4 17. Ne5 Ng4 18. Nxg4 Bxg4 19. Qb2 b6 20. a4 c5 21. Qa3 cxd4
22. Qxe7 Rxe7 23. Bxd4 Rc8 24. e3 Rc4 25. Ra1 Rxc3 26. Bxg7 Kxg7 27. a5 b5 28.
a6 Bc8 29. Reb1 Rc6 30. Rxb5 Rxa6 31. Rab1 Ra2 32. R5b4 Bf5 33. Rd1 a5 34. Rb5
a4 35. Rd4 a3 36. Ra5 Ra1+ 37. Kh2 a2 38. Rda4 Be6 39. Rxe4 Rc7 40. Rea4 Rc2
41. Rf4 Re1 42. Be4 Rb2 0-1

[Event "31st open TETEVEN"]
[Site "Teteven"]
[Date "2016.08.15"]
[Round "3.20"]
[White "Vachev, Lenko"]
[Black "Savov, Ilko"]
[Result "0-1"]
[WhiteElo "1698"]
[BlackElo "1950"]
[PlyCount "52"]
[EventDate "2016.08.13"]
[EventType "swiss"]
[EventRounds "9"]
[EventCountry "BUL"]

1. d4 Nf6 2. c4 e5 3. d5 Bc5 4. Bg5 Bxf2+ 5. Kxf2 Ng4+ 6. Ke1 Qxg5 7. Nh3 Qh4+
8. g3 Qf6 9. Qd3 d6 10. Nc3 O-O 11. Ne4 Qh6 12. Qd2 Qg6 13. Nhf2 f5 14. Nxg4
Qxg4 15. Nf2 Qxc4 16. e4 Qa4 17. b3 Qa3 18. Bd3 Nd7 19. exf5 Nc5 20. Qd1 e4 21.
Bc2 Bxf5 22. Kf1 e3 23. Bxf5 Rxf5 24. Kg2 Qb2 25. Kh3 Rxf2 26. Qc1 Qe5 0-1

[Event "31st open TETEVEN"]
[Site "Teteven"]
[Date "2016.08.15"]
[Round "3.21"]
[White "Sabov, Borislav"]
[Black "Burdarev, Evgeni"]
[Result "0-1"]
[WhiteElo "1554"]
[BlackElo "1944"]
[PlyCount "76"]
[EventDate "2016.08.13"]
[EventType "swiss"]
[EventRounds "9"]
[EventCountry "BUL"]

1. d4 Nf6 2. c4 c5 3. Nf3 g6 4. e3 Bg7 5. a3 O-O 6. Nc3 cxd4 7. Qxd4 Nc6 8. Qd1
d6 9. Bd3 a6 10. Qc2 Bd7 11. Bd2 Rc8 12. h4 Bg4 13. Ne4 Bxf3 14. Nxf6+ exf6 15.
gxf3 Ne5 16. f4 Nf3+ 17. Ke2 Nxd2 18. Kxd2 f5 19. Rag1 d5 20. c5 Qa5+ 21. Ke2
Rxc5 22. Qb1 Qc7 23. Rc1 Re8 24. Rxc5 Qxc5 25. h5 Qd6 26. hxg6 hxg6 27. Kf3 Qf6
28. b4 b5 29. Qb3 Qc6 30. Qb1 Qc3 31. Rc1 Qxa3 32. Rc6 d4 33. Qc2 dxe3 34. fxe3
Qa1 35. Qb1 Qa3 36. Qc2 Bf8 37. Qc3 Qxc3 38. Rxc3 Bxb4 0-1

[Event "31st open TETEVEN"]
[Site "Teteven"]
[Date "2016.08.15"]
[Round "3.22"]
[White "Slijper, Thomas"]
[Black "Chitakova, Galya"]
[Result "1-0"]
[WhiteElo "1932"]
[BlackElo "1552"]
[PlyCount "43"]
[EventDate "2016.08.13"]
[EventType "swiss"]
[EventRounds "9"]
[EventCountry "BUL"]

1. c4 c6 2. Nf3 d5 3. g3 Nf6 4. Bg2 Bf5 5. b3 h6 6. Bb2 e6 7. O-O Be7 8. d3 O-O
9. Nbd2 Nbd7 10. a3 Qb6 11. Ra2 Bd6 12. b4 Qd8 13. Qa1 Re8 14. cxd5 exd5 15. e4
dxe4 16. Nxe4 Bxe4 17. dxe4 Rxe4 18. Nh4 Re2 19. Qd1 Bxg3 20. hxg3 Qe7 21. Bxf6
Qxf6 22. Rxe2 1-0

[Event "31st open TETEVEN"]
[Site "Teteven"]
[Date "2016.08.15"]
[Round "3.25"]
[White "Andreev, Dobrotich"]
[Black "Georgiev, Nikolay Zh"]
[Result "1-0"]
[WhiteElo "1914"]
[BlackElo "1537"]
[PlyCount "73"]
[EventDate "2016.08.13"]
[EventType "swiss"]
[EventRounds "9"]
[EventCountry "BUL"]

1. e4 e5 2. Nf3 d6 3. d4 f5 4. dxe5 fxe4 5. Ng5 d5 6. e6 Nh6 7. Nxh7 Bxe6 8.
Bxh6 Rxh7 9. Bf4 Bd6 10. Qd2 c6 11. c4 Bxf4 12. Qxf4 Qf6 13. Qxf6 gxf6 14. Nc3
f5 15. cxd5 Bxd5 16. O-O-O Be6 17. Ne2 Ke7 18. b3 Nd7 19. Nf4 Ne5 20. Be2 Rhh8
21. h4 Rad8 22. g3 Bf7 23. Kc2 c5 24. Kc3 Rxd1 25. Rxd1 Rd8 26. Rxd8 Kxd8 27.
h5 Ke7 28. Kd2 Kf6 29. h6 Bg6 30. Ke3 Kg5 31. Nxg6 Nxg6 32. h7 Kh6 33. g4 fxg4
34. Bxg4 Kxh7 35. Bf5 Kg7 36. Bxg6 Kxg6 37. Kxe4 1-0

[Event "31st open TETEVEN"]
[Site "Teteven"]
[Date "2016.08.15"]
[Round "3.29"]
[White "Kamenov, Filip"]
[Black "Naymanova, Patricie"]
[Result "1-0"]
[WhiteElo "1874"]
[BlackElo "1458"]
[PlyCount "51"]
[EventDate "2016.08.13"]
[EventType "swiss"]
[EventRounds "9"]
[EventCountry "BUL"]

1. e4 c6 2. d4 d5 3. exd5 cxd5 4. c4 Nf6 5. Nc3 e6 6. Nf3 Nc6 7. c5 Be7 8. Bb5
Bd7 9. O-O O-O 10. a3 b6 11. Bxc6 Bxc6 12. Ne5 Rc8 13. b4 Nd7 14. Nf3 Bf6 15.
b5 Ba8 16. c6 Nb8 17. Bf4 Qe7 18. Qd2 a6 19. a4 Rfe8 20. Nd1 Qa7 21. Ne3 Bd8
22. Ng4 Qe7 23. Rfe1 Bc7 24. Bxc7 Qxc7 25. Qd3 h6 26. Rec1 1-0

[Event "31st open TETEVEN"]
[Site "Teteven"]
[Date "2016.08.15"]
[Round "3.40"]
[White "Kosturkov, Krasimir"]
[Black "Stoyanov, Plamen"]
[Result "1/2-1/2"]
[WhiteElo "1650"]
[BlackElo "1258"]
[PlyCount "34"]
[EventDate "2016.08.13"]
[EventType "swiss"]
[EventRounds "9"]
[EventCountry "BUL"]

1. e4 c6 2. d4 d5 3. Nc3 dxe4 4. Nxe4 Bf5 5. Ng3 Bg6 6. Nf3 Nf6 7. Ne5 Nbd7 8.
Nxg6 hxg6 9. Bd3 Qc7 10. Bg5 e6 11. Qf3 Be7 12. O-O-O Qa5 13. Bxf6 Nxf6 14. Bc4
O-O-O 15. c3 Kb8 16. Kb1 Qb6 17. Ne4 Qa5 1/2-1/2

[Event "31st open TETEVEN"]
[Site "Teteven"]
[Date "2016.08.15"]
[Round "3.50"]
[White "Karov, Aleksandar"]
[Black "Banev, Simeon"]
[Result "0-1"]
[WhiteElo "1024"]
[BlackElo "1429"]
[PlyCount "80"]
[EventDate "2016.08.13"]
[EventType "swiss"]
[EventRounds "9"]
[EventCountry "BUL"]

1. e4 d5 2. exd5 Qxd5 3. Nc3 Qd8 4. d4 Nf6 5. Bc4 e6 6. Nge2 Bd6 7. O-O a6 8.
a4 O-O 9. f3 b6 10. Ne4 Be7 11. Re1 Bb7 12. N2g3 Nc6 13. c3 Bd6 14. Nxd6 cxd6
15. Nf1 d5 16. Bb3 Na5 17. Bc2 Nc4 18. b3 Nd6 19. Bg5 h6 20. Bh4 Nde8 21. Qb1
Qc8 22. Re3 Nd7 23. Be7 Nc7 24. Bxf8 Kxf8 25. c4 Nf6 26. Qd1 Nce8 27. Qd3 Qd7
28. Qd2 Nd6 29. b4 Nxc4 30. Qd3 Nxe3 31. Qxe3 Rc8 32. Bb3 Qc7 33. Qe2 Qc3 34.
Qd1 Qxb4 35. Rb1 Qd6 36. Bc2 Qc6 37. Ne3 a5 38. h3 Ba6 39. Kh2 Qd6+ 40. Kh1 Qc6
0-1

[Event "31st open TETEVEN"]
[Site "Teteven"]
[Date "2016.08.16"]
[Round "4.1"]
[White "Nikolov, Sasho"]
[Black "Bochev, Krasimir"]
[Result "1-0"]
[WhiteElo "2359"]
[BlackElo "2126"]
[PlyCount "87"]
[EventDate "2016.08.13"]
[EventType "swiss"]
[EventRounds "9"]
[EventCountry "BUL"]

1. e4 g6 2. d4 Bg7 3. Nf3 c6 4. h3 d5 5. Nc3 dxe4 6. Nxe4 Bf5 7. Ng3 Be6 8. c4
b5 9. cxb5 Nf6 10. bxc6 Nxc6 11. Be2 O-O 12. O-O Qb6 13. Qa4 Nd5 14. Rd1 Rfc8
15. a3 Rab8 16. Rd3 Na5 17. b4 Nc4 18. Bf1 Nd6 19. Qd1 Bd7 20. Ne5 Bb5 21. Rf3
Bxf1 22. Kxf1 f6 23. Nd3 Qxd4 24. Bb2 Qb6 25. Nc5 Qb5+ 26. Kg1 Nb6 27. Ne6 Nbc4
28. Bd4 a6 29. Bc5 Ne5 30. Rc3 Nef7 31. Rac1 Bh6 32. R1c2 Qb7 33. Re2 Re8 34.
Qb3 Kh8 35. Rd3 Rbc8 36. Rd4 Qb5 37. Qf3 Ne5 38. Rxe5 fxe5 39. Rh4 Qd7 40. Qd5
Bg7 41. Nxg7 e6 42. Qxe5 Qxg7 43. Bxd6 Rc1+ 44. Kh2 1-0

[Event "31st open TETEVEN"]
[Site "Teteven"]
[Date "2016.08.16"]
[Round "4.2"]
[White "Stojanov, Alexandar"]
[Black "Yordanov, Lachezar"]
[Result "0-1"]
[WhiteElo "2121"]
[BlackElo "2267"]
[PlyCount "88"]
[EventDate "2016.08.13"]
[EventType "swiss"]
[EventRounds "9"]
[EventCountry "BUL"]

1. e4 d6 2. d4 Nf6 3. Nc3 g6 4. Bc4 Bg7 5. Qe2 c6 6. e5 dxe5 7. dxe5 Nd5 8. Bd2
O-O 9. O-O-O Be6 10. Nf3 b5 11. Bxd5 Bxd5 12. Nxd5 Qxd5 13. Kb1 Qe6 14. Rhe1
Nd7 15. Bc3 Nb6 16. Nd4 Qc8 17. Qe4 Nd5 18. Nxc6 Nxc3+ 19. bxc3 Qe6 20. Qd5 Qg4
21. Nxe7+ Kh8 22. h3 Qh4 23. Nc6 Qxf2 24. Nd4 Qg3 25. Ne2 Qh4 26. Qd4 Qe7 27.
Nf4 Rac8 28. Nd5 Qe6 29. Nf6 Rc4 30. Qd6 Qc8 31. Rd3 Rxc3 32. Rxc3 Qxc3 33. Rd1
Rc8 34. Rd2 Qg3 35. Re2 Qf4 36. Rd2 Qh4 37. Kb2 Qg3 38. Kb1 Bf8 39. Qd7 Qe1+
40. Rd1 Qb4+ 41. Kc1 Bh6+ 42. Rd2 Bxd2+ 43. Qxd2 Qxd2+ 44. Kxd2 Rc5 0-1

[Event "31st open TETEVEN"]
[Site "Teteven"]
[Date "2016.08.16"]
[Round "4.3"]
[White "Janev, Pavel"]
[Black "Arnaudov, Petar D"]
[Result "1-0"]
[WhiteElo "2254"]
[BlackElo "1989"]
[PlyCount "61"]
[EventDate "2016.08.13"]
[EventType "swiss"]
[EventRounds "9"]
[EventCountry "BUL"]

1. e4 c5 2. Nf3 g6 3. Bc4 Bg7 4. d3 Nc6 5. Nc3 d6 6. Bd2 Nf6 7. Qc1 h6 8. O-O
a6 9. a3 b5 10. Ba2 Bg4 11. Ne1 Nd4 12. f3 Be6 13. Bxe6 fxe6 14. Kh1 Nd7 15. f4
Qc7 16. Nf3 O-O-O 17. Nxd4 cxd4 18. Ne2 Nc5 19. a4 Kb7 20. axb5 axb5 21. Ba5
Qc6 22. Bxd8 Rxd8 23. Qe1 Na6 24. Qg3 g5 25. fxg5 Be5 26. Qg4 hxg5 27. Qxg5 Rd7
28. c3 Bf6 29. Qg4 dxc3 30. bxc3 Nc5 31. Qg8 1-0

[Event "31st open TETEVEN"]
[Site "Teteven"]
[Date "2016.08.16"]
[Round "4.4"]
[White "Janakiev, Ivan"]
[Black "Danov, Lyubomir"]
[Result "0-1"]
[WhiteElo "2077"]
[BlackElo "2342"]
[PlyCount "60"]
[EventDate "2016.08.13"]
[EventType "swiss"]
[EventRounds "9"]
[EventCountry "BUL"]

1. d4 d5 2. c4 c6 3. Nc3 Nf6 4. Nf3 dxc4 5. e3 b5 6. a4 b4 7. Na2 e6 8. Bxc4
Be7 9. O-O O-O 10. Qe2 Nbd7 11. Rd1 a5 12. e4 Bb7 13. Bg5 c5 14. e5 Nd5 15.
Bxe7 Qxe7 16. Nc1 cxd4 17. Rxd4 N5b6 18. Bd3 Nc5 19. Rg4 Rfd8 20. Qe3 Bxf3 21.
gxf3 g6 22. Bc2 Rac8 23. Ne2 b3 24. Be4 Nc4 25. Qf4 Nxe4 26. Qxe4 Nxb2 27. Ng3
Nd3 28. Nh5 b2 29. Rf1 Rc1 30. Nf6+ Qxf6 0-1

[Event "31st open TETEVEN"]
[Site "Teteven"]
[Date "2016.08.16"]
[Round "4.5"]
[White "Varbanov, Varban"]
[Black "Badev, Kiril"]
[Result "0-1"]
[WhiteElo "2032"]
[BlackElo "2292"]
[PlyCount "74"]
[EventDate "2016.08.13"]
[EventType "swiss"]
[EventRounds "9"]
[EventCountry "BUL"]

1. d4 e6 2. e4 d5 3. Nd2 Nc6 4. c3 dxe4 5. Nxe4 Qd5 6. Ng3 e5 7. dxe5 Qxd1+ 8.
Kxd1 Nxe5 9. Be2 Be6 10. Bf4 O-O-O+ 11. Kc2 Bd6 $146 ({RR} 11... Ng6 12. Be3
Nh4 13. Bg5 Be7 14. Bxh4 Bxh4 15. Bd3 Bd5 16. f3 Ne7 17. N1e2 g6 18. b3 f5 19.
Rad1 Bf7 20. Nf4 Bg5 21. Nge2 Bf6 22. h4 h6 23. h5 g5 24. Ng6 Bxg6 25. hxg6 Kb8
26. Ng3 {Baumer,A (2002)-Laubert,J (1980)/Bayern 2009/EXT 2011/1-0 (53)}) 12.
Bxe5 Bxe5 13. Nf3 Bxg3 14. hxg3 Bf5+ 15. Kb3 Nf6 16. Nd4 Bg6 17. Bf3 c5 18. Ne2
Rd2 19. Rae1 Rhd8 20. Nf4 Bc2+ 21. Ka3 R8d6 22. b4 Ra6+ 23. Kb2 Bf5+ 24. Kb3 b5
25. bxc5 Raxa2 26. Re2 g5 27. Rxd2 Rxd2 28. Nh5 Be6+ 29. Kb4 Rb2+ 30. Ka5 Bc4
31. Ra1 Nxh5 32. Bxh5 Rxf2 33. c6 Kc7 34. Bf3 f5 35. Ka6 g4 36. Bd1 Rxg2 37.
Kxa7 Rxg3 0-1

[Event "31st open TETEVEN"]
[Site "Teteven"]
[Date "2016.08.16"]
[Round "4.6"]
[White "Galunov, Todor"]
[Black "Bakker, Martijn"]
[Result "1/2-1/2"]
[WhiteElo "2287"]
[BlackElo "2099"]
[PlyCount "60"]
[EventDate "2016.08.13"]
[EventType "swiss"]
[EventRounds "9"]
[EventCountry "BUL"]

1. Nf3 f5 2. g3 Nf6 3. Bg2 d6 4. O-O e5 5. d3 Be7 6. c4 O-O 7. Nc3 Nc6 8. Rb1
Qe8 9. b4 Qh5 ({RR} 9... Bd8 10. b5 Ne7 11. c5 Qh5 12. cxd6 cxd6 13. e3 Be6 14.
Ba3 Rc8 15. Rc1 Ne8 16. Nd2 Qxd1 17. Rfxd1 Ba5 18. Nc4 Bxc4 19. dxc4 Rxc4 20.
Nd5 Rxc1 21. Nxe7+ Kf7 22. Rxc1 Kxe7 23. Bxb7 Nc7 24. Bb4 {
Poluljahov,A (2501)-Kharlov,A (2606)/Cap d'Agde  2002/EXT 2004/1/2 (76)}) 10.
b5 Nd8 11. c5 ({RR} 11. Bg5 Ne6 12. Bxf6 Bxf6 13. Nd5 Bd8 14. e3 Bd7 15. Nd2
Qg6 16. f4 c6 17. bxc6 bxc6 18. Nb4 Rc8 19. fxe5 dxe5 20. Nf3 Qh6 21. Qe2 Bb6
22. Nxe5 Bxe3+ 23. Kh1 Nd4 24. Qb2 Be8 25. Nc2 Nxc2 {
Johannesson,I (2371)-Thorhallsson,G (2121)/Reykjavik 2015/EXT 2016/1-0 (33)})
11... f4 $146 ({RR} 11... Kh8 12. cxd6 cxd6 13. Ba3 Nf7 14. Nd2 Be6 15. e3 Qh6
16. Re1 Ng5 17. f4 Ng4 18. Nf1 Nh3+ 19. Bxh3 Qxh3 20. Qf3 Rfc8 21. Rbc1 Bd8 22.
Nd5 Ba5 23. Rxc8+ Rxc8 24. Rc1 Rxc1 25. Bxc1 Be1 {
0-1 Colovic,A (2487)-Pancevski,F (2464)/Struga 2014/CBM 162 Extra}) 12. cxd6
Bxd6 13. Ne4 Nxe4 14. dxe4 Be6 15. a4 Nf7 16. Bb2 Nh6 17. Rc1 Rf6 18. Bxe5 Bxe5
19. Rc5 fxg3 20. Rxe5 gxf2+ 21. Rxf2 Qg4 22. Qd2 Nf7 23. Rc5 Rd8 24. Qc2 Qf4
25. Rxc7 Bb3 26. Qc3 Bxa4 27. Rxb7 Qxe4 28. Rxa7 Qb1+ 29. Rf1 Qxb5 30. Ra5 Qb6+
1/2-1/2

[Event "31st open TETEVEN"]
[Site "Teteven"]
[Date "2016.08.16"]
[Round "4.7"]
[White "Raev, Rostislav"]
[Black "Dereshki, Dario"]
[Result "1/2-1/2"]
[WhiteElo "2257"]
[BlackElo "2004"]
[PlyCount "35"]
[EventDate "2016.08.13"]
[EventType "swiss"]
[EventRounds "9"]
[EventCountry "BUL"]

1. d4 d5 2. Nf3 Nf6 3. c4 c6 4. g3 dxc4 5. Bg2 b5 6. a4 a6 7. Nc3 Bb7 8. Ne5
Qb6 9. e4 e6 10. Be3 Bb4 11. O-O O-O $146 ({RR} 11... Bxc3 12. bxc3 Qd8 13. Rb1
Qe7 14. Bg5 Nbd7 15. Nxc4 h6 16. Bf4 bxc4 17. Rxb7 O-O 18. Qe2 Rfc8 19. Qxc4 c5
20. e5 Nh5 21. Be3 Qd8 22. g4 Nxe5 23. dxe5 Qh4 24. Qe4 f5 25. gxf5 {
1-0 Islam,K (2289)-Sharmin,S (1831)/Dhaka 2013/CBM 157 Extra}) 12. d5 c5 13.
Na2 Ba5 14. Rc1 Qd6 15. Bf4 Qb6 16. Be3 Qd6 17. Bf4 Qb6 18. Be3 1/2-1/2

[Event "31st open TETEVEN"]
[Site "Teteven"]
[Date "2016.08.16"]
[Round "4.8"]
[White "Mahlev, Atanas"]
[Black "Kostov, Galin"]
[Result "0-1"]
[WhiteElo "1744"]
[BlackElo "2181"]
[PlyCount "116"]
[EventDate "2016.08.13"]
[EventType "swiss"]
[EventRounds "9"]
[EventCountry "BUL"]

1. e4 c5 2. Nc3 Nc6 3. g3 g6 4. Bg2 Bg7 5. d3 d6 6. Nge2 e6 7. Be3 Nd4 8. O-O
Ne7 9. Qd2 O-O 10. Nd1 Nec6 11. c3 Nxe2+ 12. Qxe2 Rb8 13. Qd2 ({RR} 13. f4 Qc7
14. Bh3 Ne7 15. g4 f5 16. Nf2 Bd7 17. Rae1 a6 18. Nh1 d5 19. Ng3 fxe4 20. dxe4
Bb5 21. Qg2 Bxf1 22. Rxf1 d4 23. cxd4 cxd4 24. Bc1 Kh8 25. g5 Qc6 26. Bg4 Rbd8
27. h4 d3 {
Whitehead,M (2005)-Ivekovic,T (2039)/Coventry 2015/CBM 167 Extra/1-0 (50)})
13... b6 14. d4 $146 ({RR} 14. Bh6 Bxh6 15. Qxh6 d5 ({RR} 15... Ba6 16. Qd2 Ne5
17. c4 Nc6 18. f4 Nd4 19. Ne3 Bb7 20. g4 f5 21. g5 e5 22. h4 fxe4 23. Ng4 Rxf4
24. Rxf4 exf4 25. Nf6+ Kg7 26. dxe4 Qc8 27. Rf1 f3 28. Bxf3 Qh3 29. Qf4 Nxf3+
30. Rxf3 {Thomas,J (1900)-Guy,D (1956)/Treforest 2010/CBM 137 Extra/1/2 (36)})
16. exd5 exd5 17. Ne3 Ne7 18. Qg5 Be6 19. Qf6 Nc6 20. Nxd5 Bxd5 {
0-1 Vasjkin,J-Torshin,A (1808)/Dagomys 2009/EXT 2012}) 14... cxd4 15. cxd4 Ba6
16. Re1 Rc8 17. Nc3 Qd7 18. Rad1 Na5 19. b3 Rc7 20. Rc1 Nc6 21. Bf1 Bxf1 22.
Rxf1 Ne7 23. Bh6 Bxh6 24. Qxh6 Rfc8 25. Qd2 d5 26. e5 h5 27. h4 Nf5 28. Ne2 a5
29. Rxc7 Rxc7 30. Rc1 Rxc1+ 31. Qxc1 Qb5 32. Qc2 Qb4 33. Qd1 b5 34. a4 bxa4 35.
bxa4 Ne7 36. Kg2 Qc4 37. Kf3 Nc6 38. Ke3 Nb4 39. Qd2 Nc2+ 40. Kf4 Qxa4 41. Qc3
Qc4 42. Qd2 Kg7 43. Kg5 Qc7 44. Nc3 Nb4 45. Nb5 Qc2 46. Qf4 Qf5+ 47. Qxf5 exf5
48. Kf4 Nc2 49. Nc3 Nxd4 50. Nxd5 Nc6 51. Nc3 Kf8 52. Na4 Ke8 53. Nc5 Ke7 54.
f3 Nb8 55. g4 fxg4 56. fxg4 hxg4 57. Kxg4 Nd7 58. Ne4 f5+ 0-1

[Event "31st open TETEVEN"]
[Site "Teteven"]
[Date "2016.08.16"]
[Round "4.9"]
[White "Popov, Petar"]
[Black "Terziev, Dimo"]
[Result "1-0"]
[WhiteElo "2128"]
[BlackElo "1834"]
[PlyCount "69"]
[EventDate "2016.08.13"]
[EventType "swiss"]
[EventRounds "9"]
[EventCountry "BUL"]

1. e4 g6 2. g3 Bg7 3. Bg2 d6 4. Ne2 Nf6 5. O-O O-O 6. c4 e5 7. d3 Nc6 8. Nbc3
Ne8 9. h3 ({RR} 9. f4 f5 10. Nd5 Ne7 11. Nec3 c6 12. Nxe7+ Qxe7 13. Qc2 Nf6 14.
Rb1 Bd7 15. b4 exf4 16. Bxf4 Nh5 17. Bd2 Nf6 18. Rbe1 fxe4 19. Nxe4 Nxe4 20.
Bxe4 Rxf1+ 21. Rxf1 Bd4+ 22. Kh1 Rf8 23. Qd1 Bg4 {
Kashpur,M (1921)-Burakov,A (1807)/Moscow 2015/CBM 164 Extra/0-1 (53)}) 9... f5
10. f4 ({RR} 10. exf5 Bxf5 11. Nd5 Qd7 12. g4 Be6 13. Be3 Nf6 14. f4 Rae8 15.
Qd2 Kh8 16. Rae1 Bg8 17. Kh1 Nxd5 18. cxd5 Nd4 19. Bxd4 exd4 20. Qb4 c5 21.
dxc6 bxc6 22. Qa4 Qb7 23. b3 Qb5 24. Qxb5 cxb5 {Dgebuadze,A (2505)
-Lomineishvili,M (2350)/Schwaebisch Gmuend 1999/CBM 068 Extra/0-1 (45)}) 10...
Nf6 11. Nd5 Re8 $146 ({RR} 11... Nxd5 12. cxd5 Nd4 13. Nxd4 exd4 14. Qb3 Kh8
15. Rf2 Re8 16. Rc2 Rb8 17. Qc4 c5 18. dxc6 bxc6 19. Bd2 c5 20. e5 dxe5 21.
Qxc5 e4 22. Qxa7 Bb7 23. Rac1 Re7 24. Ba5 Bd5 25. Qa6 Qg8 26. Qd6 {
Petek,P (2145)-Vesel,M (1865)/Kranj 1996/EXT 1998/1-0 (33)}) 12. Nec3 Nh5 13.
Kh2 Nd4 14. exf5 exf4 15. Nxf4 Nxf4 16. Bxf4 g5 17. Bc1 Nxf5 18. Be4 Rf8 19.
Qh5 h6 20. Bd2 c6 21. Rf2 Qe7 22. Raf1 Qe5 23. Ne2 Qxb2 24. g4 Qe5+ 25. Kg1 Be6
26. gxf5 Bf7 27. Qg4 d5 28. Bc3 Qd6 29. Bxg7 Kxg7 30. f6+ Kg8 31. cxd5 cxd5 32.
Bg2 Rae8 33. h4 Re5 34. d4 h5 35. dxe5 1-0

[Event "31st open TETEVEN"]
[Site "Teteven"]
[Date "2016.08.16"]
[Round "4.10"]
[White "Todorov, Momchil"]
[Black "Dokuzov, Yaroslav"]
[Result "1/2-1/2"]
[WhiteElo "2304"]
[BlackElo "1893"]
[PlyCount "95"]
[EventDate "2016.08.13"]
[EventType "swiss"]
[EventRounds "9"]
[EventCountry "BUL"]

1. d4 d5 2. c4 c6 3. Nf3 Nf6 4. Nc3 e6 5. Bg5 h6 6. Bxf6 Qxf6 7. e3 Bd6 8. Bd3
Nd7 9. O-O O-O 10. e4 dxe4 11. Nxe4 Qe7 12. c5 Bc7 13. Re1 Rd8 14. Qe2 Nf6 15.
Nxf6+ Qxf6 16. b4 Bd7 17. a4 Be8 18. b5 $146 ({RR} 18. Rab1 a6 19. Red1 Kf8 20.
g3 g6 21. Kg2 Kg7 22. h4 Rd5 23. Be4 Rdd8 24. Qb2 Kg8 25. Ne5 Qg7 26. Qc3 f6
27. Nc4 g5 28. hxg5 hxg5 29. Rd2 Bg6 30. Re1 Kf7 31. Rde2 Re8 32. Qb3 f5 {
Lautier,J (2550)-Bisguier,A (2365)/New York 1991/CBM 023/1-0 (53)}) 18... Rac8
19. Be4 Ba5 20. Rec1 b6 21. Bxc6 Bxc6 22. bxc6 Rxc6 23. Qe4 Rc7 24. c6 Rd5 25.
Ne5 Qd8 26. Rc4 Qd6 27. Rac1 Bd2 28. R1c2 Bg5 29. f4 Bf6 30. h3 Qa3 31. Kh2 Qa1
32. R2c3 Qb2 33. Nd3 Qd2 34. Rc2 Qd1 35. Qe3 Qa1 36. R2c3 Bxd4 37. Rxd4 Qxc3
38. Rxd5 exd5 39. Qe8+ Kh7 40. Ne5 Qe3 41. g3 Qf2+ 42. Kh1 Qxg3 43. Nd7 Qf3+
44. Kg1 Qd1+ 45. Kh2 Qc2+ 46. Kg1 Qxc6 47. Nf8+ Kg8 48. Nd7+ 1/2-1/2

[Event "31st open TETEVEN"]
[Site "Teteven"]
[Date "2016.08.16"]
[Round "4.12"]
[White "Kamenov, Filip"]
[Black "Yordanova, Svetla"]
[Result "0-1"]
[WhiteElo "1874"]
[BlackElo "2158"]
[PlyCount "90"]
[EventDate "2016.08.13"]
[EventType "swiss"]
[EventRounds "9"]
[EventCountry "BUL"]

1. e4 d5 2. exd5 Nf6 3. c4 e6 4. d4 exd5 5. Nc3 Bb4 6. a3 Bxc3+ 7. bxc3 O-O 8.
Bd3 Re8+ ({RR} 8... dxc4 9. Bxc4 Be6 10. Bd3 c5 11. Ne2 Nc6 12. O-O cxd4 13.
cxd4 Nd5 14. Rb1 Qd7 15. Be3 Rac8 16. Qd2 Rfd8 17. Rfc1 Nce7 18. Ng3 Rxc1+ 19.
Rxc1 Rc8 20. Ne4 Rxc1+ 21. Qxc1 b6 22. Ng5 Bf5 23. Be2 {
Bartel,M (2641)-Antoniewski,R (2529)/Poland 2015/CBM 166 Extra/1/2 (33)}) 9.
Ne2 c5 ({RR} 9... Be6 10. cxd5 Bxd5 11. O-O b6 12. Re1 h6 13. Bf4 Bb7 14. Qc2
Nc6 15. Rad1 Nh5 16. Qd2 Nxf4 17. Qxf4 Qe7 18. Qf5 g6 19. Qh3 Kg7 20. Qg3 Rad8
21. Kf1 Qxa3 22. Nf4 Ba6 23. c4 Qd6 24. d5 {
Federzoni,E (1658)-Da Silva,E (1928)/Sao Paulo 2015/CBM 164 Extra/0-1 (31)})
10. O-O Nc6 $146 ({RR} 10... dxc4 11. Bxc4 Nc6 12. Rb1 cxd4 13. cxd4 b6 14. Bb5
Bb7 15. Be3 Nd5 16. Rc1 Rxe3 17. Bxc6 Bxc6 18. fxe3 Nxe3 19. Qd3 Qg5 20. Rf2
Bxg2 21. h4 Qxh4 22. Rxg2 Nxg2 23. Kxg2 Re8 24. Rh1 Qg5+ 25. Kf2 {
Pechy,A (2154)-Danieli,E (2142)/Verona 2005/CBM 104 Extra/1/2 (41)}) 11. Bg5
dxc4 12. Bxc4 cxd4 13. Nxd4 Ne5 14. Ba2 h6 15. Bh4 Ng6 16. Bxf6 Qxf6 17. Bd5
Rd8 18. Qf3 Qxf3 19. Bxf3 Ne5 20. Be4 Nc4 21. Rfd1 Re8 22. Bd5 Nb6 23. Bf3 Rb8
24. Nb5 Bd7 25. Nd6 Re7 26. Nxb7 Ba4 27. Rd8+ Rxd8 28. Nxd8 Rc7 29. c4 Rxc4 30.
Nb7 Rc3 31. Nd6 g6 32. Ne4 Rc7 33. Nf6+ Kf8 34. Nd5 Nxd5 35. Bxd5 Ke7 36. Bf3
Kd6 37. Kf1 Rc3 38. Ke1 Kc5 39. Be2 h5 40. Kd2 Kd4 41. Ra2 Bb3 42. Rb2 Bd5 43.
Rb5 Rxa3 44. f3 Ra2+ 45. Ke1 Rxe2+ 0-1

[Event "31st open TETEVEN"]
[Site "Teteven"]
[Date "2016.08.16"]
[Round "4.16"]
[White "Boev, Viktor"]
[Black "Cholakov, Nikolay"]
[Result "0-1"]
[WhiteElo "1976"]
[BlackElo "1778"]
[PlyCount "72"]
[EventDate "2016.08.13"]
[EventType "swiss"]
[EventRounds "9"]
[EventCountry "BUL"]

1. e4 c5 2. Nc3 d6 3. f4 Nc6 4. Nf3 g6 5. Bb5 Bd7 6. O-O Bg7 7. d3 Qb6 8. Nd5
Qd8 9. Qe1 e6 10. Nc3 Nge7 11. f5 $146 ({RR} 11. Kh1 O-O 12. Qh4 a6 13. Ba4 b5
14. Bb3 Na5 15. a3 Nxb3 16. cxb3 Nc6 17. Qh3 Na5 18. f5 exf5 19. Bg5 f6 20. Qg3
fxg5 21. Nxg5 Bf6 22. exf5 Bxg5 23. fxg6 h6 24. Ne4 Be7 25. Rf7 Rxf7 {
Puschak,O (1898)-Simon,M (1965)/Mittelfranken 2009/EXT 2011/1-0}) 11... gxf5
12. Bxc6 $2 (12. Bc4 $142) 12... Bxc6 13. exf5 Nxf5 14. Ng5 {Diagram #} Bd4+ (
14... Qe7 $142 $19) 15. Kh1 Qf6 16. Nce4 Qg6 17. c3 Be5 18. Qf2 Rg8 19. Nf3 Bh8
$2 (19... c4 $142 $19) 20. Rb1 Qh5 21. Bf4 e5 22. Bd2 Bxe4 23. dxe4 Ng3+ 24.
Kg1 Nxf1 25. Qxf1 a6 26. b4 c4 27. b5 a5 28. Rd1 Bf6 29. Bc1 Be7 30. Ba3 Rg6
31. Nd2 Rc8 32. Re1 Qg4 33. Re2 Rf6 34. Qe1 Bd8 35. Nf1 Bb6+ 36. Kh1 Qf4 0-1